000 00352 a2200169 4500
001 184110
020 _a850809866-9
040 _cMagnum
100 _aScott, Kieran
240 1 0 _aConfie em mim
_lpor
245 1 0 _aConfie em mim
300 _a143
362 0 _a2005
440 1 _aÁtica
697 _aLITERATURA JUVENIL ESTRANGEIRA
942 _cBK
999 _c184110
_d184110